From corpus to classroom: language use and language teaching

Salvato in:
Dettagli Bibliografici
Autori principali: O'Keeffe, Anne (Autore), McCarthy, Michael (Autore), Carter, Ronald (Autore)
Natura: Libro
Lingua:inglese
Pubblicazione: Cambridge Cambridge University 2007
Soggetti:
Tags: Aggiungi Tag
Nessun Tag, puoi essere il primo ad aggiungerne!!

MARC

LEADER 00000nam a2200000 a 4500
001 UCI7065
003 CL-VaPUC
005 20250312142211.0
008 080605e20070000uk |||||||||||||||||eng|d
999 |c 330464  |d 330462 
020 |a 9780521616867 
040 |c Pontificia Universidad Católica de Valparaíso 
082 0 4 |a 428.007  |b OKE  |2 21 
100 0 |a O'Keeffe, Anne  |e author  |9 530178 
245 1 0 |a From corpus to classroom: language use and language teaching 
260 |a Cambridge  |b Cambridge University  |c 2007 
300 |a 315 p 
583 |a last modification  |c 20130807 01:19:56  |k Rodrigo Vera 
650 0 |a Enseñanza de idiomas  |9 339820 
650 0 |a Lengua inglesa  |9 318842 
650 0 |a Métodos de enseñanza  |9 270413 
700 |a McCarthy, Michael  |e author  |9 876859 
700 0 |a Carter, Ronald  |e author  |9 530180 
942 |c BK  |2 ddc 
945 |d 20080605 00:00:00  |a jtorresc 
952 |0 0  |1 0  |4 0  |6 428_007000000000000_OKE_2007  |7 0  |8 A  |9 416020  |a BIBEDU  |b BIBEDU  |d 2019-11-22  |i 4446941  |o 428.007 OKE 2007  |p 4446941  |r 2019-11-22  |w 2019-11-22  |y BK  |k LIT 
952 |0 0  |1 0  |4 0  |6 428_007000000000000_OKE_2007  |7 0  |8 A  |9 416021  |a BIBEDU  |b BIBEDU  |d 2019-11-22  |i 4513886  |o 428.007 OKE 2007  |p 4513886  |r 2019-11-22  |w 2019-11-22  |y BK  |k LIT